000 01093nam a2200229Ia 4500
003 OSt
005 20220923221000.0
006 a|||||r|||| 00| 0
007 ta
008 220922b |||||||| |||| 00| 0 hin d
024 _a193,275
037 _cTextual
040 _aARTS
_cARTS
_bhin
041 _2hin
_ahin
082 _aV2:23, 152L2
100 _aकौल, महेश्वर नाथ; शकघर, श्याम लाल; वर्मा, शिव कुमार, संपा.
_9164925
245 0 _aसंसदीय प्रणाली तथा व्यवहार, अनु घर्मपाल पाण्डेय
246 _aSansadīya praṇālī tathā vyavahāra, anu0 gharmapāl pāṇḍeya
260 _aभोपाल
_b मध्यप्रदेश हिन्दी ग्रन्थ अकादमी
_c1972
942 _hV2:23, 152L2
_cTEXL
_2CC
999 _c345750
_d345750